Vainqueurs de Paris-Roubaix - Statistiques

Statistiques générales
  • Ce quiz a été pris 1 337 fois
    774 depuis la dernière actualisation
  • Le résultat moyen est 37 sur 123
Statistiques - réponses
Année Réponse Pays % Correct
2023 | 2024 | 2025 Van Der Poel Pays-Bas
97%
2006 | 2010 | 2013 Cancellara Suisse
90%
2005 | 2008 | 2009 | 2012 Boonen Belgique
86%
2018 Sagan Slovaquie
85%
1968 | 1970 | 1973 Merckx Belgique
82%
2019 Gilbert Belgique
77%
1981 Hinault France
77%
2022 Van Baarle Pays-Bas
64%
2015 Degenkolb Allemagne
62%
2021 Colbrelli Italie
60%
1985 | 1991 Madiot France
57%
2017 Van Avermaet Belgique
53%
1972 | 1974 | 1975 | 1977 De Vlaeminck Belgique
51%
1949 | 1950 Coppi Italie
49%
2016 Hayman Australie
49%
2014 Terpstra Pays-Bas
48%
1992 | 1993 Duclos-Lassalle France
45%
1996 | 2000 | 2002 Museeuw Belgique
45%
1984 | 1986 Kelly Irlande
42%
1956 Bobet France
40%
1978 | 1979 | 1980 Moser Italie
39%
1997 Guesdon France
38%
2007 O'Grady Australie
36%
1994 Tchmil Moldavie
36%
2003 Van Petegem Belgique
34%
1999 Tafi Italie
33%
2011 Vansummeren Belgique
33%
2004 Bäckstedt Suède
32%
1897 | 1898 Garin Italie
32%
1961 | 1962 | 1965 Van Looy Belgique
30%
1966 Gimondi Italie
26%
2001 Knaven Pays-Bas
26%
1982 Raas Pays-Bas
26%
1995 | 1998 Ballerini Italie
25%
1967 Janssen Pays-Bas
23%
1990 Planckaert Belgique
20%
1948 | 1952 Van Steenbergen Belgique
20%
1983 Kuiper Pays-Bas
19%
1913 Faber Luxembourg
18%
1909 | 1910 | 1911 Lapize France
18%
1933 Maes Belgique
17%
1919 | 1921 Pélissier France
17%
1969 Godefroot Belgique
16%
1987 Vanderaerden Belgique
16%
1906 Cornet France
14%
1976 Demeyer Belgique
14%
1988 Demol Belgique
14%
1928 Leducq France
14%
1936 Speicher France
14%
1912 | 1914 Crupelandt France
12%
1957 De Bruyne Belgique
12%
1959 Foré Belgique
12%
1989 Wampers Belgique
11%
1955 Forestier France
10%
1905 Trousselier France
10%
1896 Fischer Allemagne
8%
1943 Kint Belgique
8%
1927 Ronsse Belgique
8%
1903 | 1904 Aucouturier France
7%
1954 Impanis Belgique
7%
1931 | 1934 | 1935 Rebry Belgique
7%
1923 Suter Suisse
7%
1960 Cerami Belgique
6%
1953 Derycke Belgique
6%
1949 Mahé France
6%
1971 Rosiers Belgique
6%
1937 Rossi Italie
6%
1908 Van Hauwaert Belgique
6%
1951 Bevilacqua Italie
5%
1926 Delbecque Belgique
5%
1901 | 1902 Lesna France
5%
1945 Maye France
5%
1964 Post Pays-Bas
5%
1924 Van Hevel Belgique
5%
1900 Bouhours France
4%
1899 Champion France
4%
1963 Daems Belgique
4%
1939 Masson Belgique
4%
1958 Van Daele Belgique
4%
1946 | 1947 Claes Belgique
3%
1922 Dejonghe Belgique
3%
1944 Desimpelaere Belgique
3%
1932 Gijssels Belgique
3%
1907 Passerieu France
3%
1925 Sellier Belgique
3%
1938 Storme Belgique
3%
1930 Vervaecke Belgique
3%
1920 Deman Belgique
2%
1929 Meunier Belgique
2%
Aucun quiz correspondant
Distribution des résultats
% des personnes avec chaque résultat
Percentile par nombre de réponses
Votre historique - résultats
Vous n’avez pas pris ce quiz depuis la dernière actualisation